Rozpoznaj Piłkarza Po Statystykach - Statystyki

Ogólne statystyki
  • Ten quiz został rozwiązany 50 razy
  • Średni wynik to 3 z 10
Statystyki odpowiedzi
Szybkość Strzały Podania Drybling Obrona Fizyczność Piłkarz % Poprawnych
Szybkość-90 Strzały-93 Podania-82 Drybling-89 Obrona-35 Fizyczność-78 Ronaldo
87%
Szybkość-75 Strzały-87 Podania-74 Drybling-85 Obrona-41 Fizyczność-82 Lewandowski
79%
Szybkość-45 Strzały-80 Podania-90 Drybling-81 Obrona-70 Fizyczność-69 Kroos
36%
Szybkość-80 Strzały-90 Podania-77 Drybling-88 Obrona-33 Fizyczność-74 Aguero
26%
Szybkość-72 Strzały-68 Podania-75 Drybling-74 Obrona-87 Fizyczność-85 Ramos
26%
Szybkość-83 Strzały-82 Podania-84 Drybling-90 Obrona-43 Fizyczność-64 Dybala
11%
Szybkość-84 Strzały-82 Podania-77 Drybling-85 Obrona-39 Fizyczność-61 Ben Yedder
9%
Szybkość-69 Strzały-41 Podania-59 Drybling-66 Obrona-87 Fizyczność-82 Skriniar
6%
Szybkość-89 Strzały-81 Podania-72 Drybling-85 Obrona-41 Fizyczność-71 Martial
4%
Szybkość-83 Strzały-73 Podania-81 Drybling-80 Obrona-80 Fizyczność-76 Alaba
2%
Nie znaleziono quizów pasujących do podanych kryteriów
Rozkład punktacji
Procent ludzi z każdym wynikiem
Percentyl według liczby udzielonych odpowiedzi
Twoja historia wyników
Nie rozwiązałeś tego quizu